Daily Capital City Riddle #89 - Statistics

General Stats
  • This quiz has been taken 34 times
  • The average score is 30 of 36
Answer Stats
Type Answer % Correct
Found Letter E
100%
Alphabet Letter I
100%
Found Letter O
100%
Alphabet Letter T
100%
Alphabet Letter A
96%
Alphabet Letter C
96%
Found Letter N
96%
Alphabet Letter R
96%
Alphabet Letter S
96%
Alphabet Letter B
93%
Alphabet Letter G
93%
Found Letter M
93%
Alphabet Letter U
93%
Alphabet Letter D
89%
Alphabet Letter L
89%
Correctly Placed Letter N
89%
Correctly Placed Letter P
89%
Found Letter P
89%
Alphabet Letter W
89%
Found Letter H
85%
Alphabet Letter V
81%
Alphabet Letter Y
81%
Alphabet Letter K
78%
Alphabet Letter X
78%
Correctly Placed Letter M
74%
Correctly Placed Letter N
74%
Correctly Placed Letter E
70%
Alphabet Letter J
70%
Correctly Placed Letter O
70%
Alphabet Letter F
67%
Alphabet Letter Z
67%
Correctly Placed Letter H
63%
Correctly Placed Letter H
63%
Correctly Placed Letter P
63%
Mystery Capital Phnom Penh
63%
Alphabet Letter Q
63%
No matching quizzes found
Score Distribution
Percent of People with Each Score
Percentile by Number Answered
Your Score History
You have not taken this quiz